Catálogo

ESTUDIOS SOBRE BELLO (Registro nro. 39329)

Detalles MARC
000 -LEADER
fixed length control field 00455nam a2200181 a 4500
001 - CONTROL NUMBER
control field 39329
005 - DATE AND TIME OF LATEST TRANSACTION
control field 20180714012844.0
008 - FIXED-LENGTH DATA ELEMENTS--GENERAL INFORMATION
fixed length control field 140415s1969 mx 000 0 spa d
041 ## - LANGUAGE CODE
Language code of text/sound track or separate title spa
082 ## - DEWEY DECIMAL CLASSIFICATION NUMBER
Classification number 861
Item number BAR
100 1# - MAIN ENTRY--PERSONAL NAME
Personal name BARNOLA, PEDRO P.
245 10 - TITLE STATEMENT
Title ESTUDIOS SOBRE BELLO
250 ## - EDITION STATEMENT
Edition statement 1a ed.
260 ## - PUBLICATION, DISTRIBUTION, ETC.
Place of publication, distribution, etc. MEXICO :
Name of publisher, distributor, etc. MINISTERIO DE EDUCACION,
Date of publication, distribution, etc. 1969
300 ## - PHYSICAL DESCRIPTION
Extent 297
490 ## - SERIES STATEMENT
Series statement VIGILIA
Volume/sequential designation 22
650 14 - SUBJECT ADDED ENTRY--TOPICAL TERM
Topical term or geographic name entry element POESIA
General subdivision VENEZOLANA
Existencias
Withdrawn status Lost status Source of classification or shelving scheme Damaged status Not for loan Collection code Home library Current library Shelving location Date acquired Source of acquisition Inventory number Total Checkouts Full call number Barcode Date last seen Price effective from Koha item type
    Dewey Decimal Classification     General Biblioteca Karol Wojtyla Biblioteca Karol Wojtyla Sala general 03/12/2013 Compra 151000000000000000033257   861 BAR 5903 05/01/2026 03/12/2013 Libro